Music Quiz

Random Music or Billboard Quiz

#1 Hits ('85-'89) by Any Word Quiz Stats

 Plays Quiz Updated Sep 14, 2018

Challenge
Share
Tweet
Embed
Score 0/150 Timer 08:00
0 Plays Today
Artist Song % Correct
Bon JoviYou Give Love a Bad Name
97.9%
MadonnaLike a Virgin
97.8%
Peter Cetera with Amy GrantThe Next Time I Fall
97.5%
ForeignerI Want to Know What Love Is
97.5%
Phil CollinsA Groovy Kind of Love
97.5%
MadonnaLike a Prayer
97.4%
Will to PowerBaby, I Love Your Way
97.3%
Aretha Franklin & George MichaelI Knew You Were Waiting (For Me)
97.1%
Bon JoviLivin' on a Prayer
97%
Janet JacksonWhen I Think of You
96.9%
Michael Jackson with Siedah GarrettI Just Can't Stop Loving You
96.9%
Bad EnglishWhen I See You Smile
96.8%
Belinda CarlisleHeaven is a Place on Earth
96.7%
Duran DuranA View to a Kill
96.6%
WhitesnakeHere I Go Again
96.4%
U2I Still Haven't Found What I'm Looking For
96.2%
Cutting Crew(I Just) Died in Your Arms
96.2%
Huey Lewis & The NewsThe Power of Love
96.1%
TiffanyI Think We're Alone Now
95.9%
Michael JacksonThe Way You Make Me Feel
95.9%
Whitney HoustonSaving All My Love for You
95.8%
Whitney HoustonHow Will I Know
95.8%
USA for AfricaWe Are the World
95.4%
Milli VanilliGirl I'm Gonna Miss You
95.1%
Tears for FearsEverybody Wants to Rule the World
94.9%
Billy JoelWe Didn't Start the Fire
94.9%
Gloria EstefanDon't Wanna Lose You
94.9%
Richard MarxHold On to the Nights
94.7%
Billy OceanThere'll Be Sad Songs (To Make You Cry)
94.6%
Simply RedIf You Don't Know Me By Now
94.6%
Paul YoungEverytime You Go Away
94.5%
Bill Medley & Jennifer Warnes(I've Had) The Time of My Life
94.4%
Kim WildeYou Keep Me Hangin' On
94.2%
Simple MindsDon't You (Forget About Me)
94.1%
Milli VanilliBlame It On the Rain
94.1%
Robert PalmerAddicted to Love
93.8%
Bon JoviI'll Be There for You
93.8%
George HarrisonGot My Mind Set on You
93.7%
Michael JacksonMan in the Mirror
93.6%
Rick AstleyNever Gonna Give You Up
93.2%
a-haTake on Me
93.2%
New Kids on the BlockI'll Be Loving You (Forever)
92.9%
Whitney HoustonGreatest Love of All
92.9%
Bruce Hornsby & The RangeThe Way It Is
92.6%
Lionel RichieSay You, Say Me
92.6%
BanglesWalk Like an Egyptian
92.1%
SheriffWhen I'm With You
92%
MadonnaCrazy for You
92%
Peter CeteraGlory of Love
91.9%
Whitney HoustonI Wanna Dance With Somebody (Who Loves Me)
91.6%
Artist Song % Correct
Whitney HoustonDidn't We Almost Have It All
91.4%
Gloria Estefan & Miami Sound MachineAnything for You
91.3%
U2With or Without You
90.8%
Huey Lewis & The NewsStuck With You
90.4%
INXSNeed You Tonight
90.3%
Guns 'n RosesSweet Child O' Mine
89.9%
Club NouveauLean on Me
89.8%
Gregory AbbottShake You Down
89.7%
Mike + The MechanicsThe Living Years
89.7%
Simply RedHolding Back the Years
89.4%
Steve WinwoodHigher Love
89.2%
Fine Young CannibalsShe Drives Me Crazy
89.1%
RoxetteThe Look
89%
Cheap TrickThe Flame
88.9%
Janet JacksonMiss You Much
88.7%
Def LeppardLove Bites
88.6%
Whitney HoustonWhere Do Broken Hearts Go
88.4%
John ParrSt. Elmo's Fire (Man in Motion)
88%
FalcoRock Me Amadeus
87.9%
Billy OceanGet Outta My Dreams, Get Into My Car
87%
StarshipWe Built This City
86.9%
RoxetteListen to Your Heart
86.5%
StarshipNothing's Gonna Stop Us Now
86%
Patti LaBelle & Michael McDonaldOn My Own
84.2%
Bobby McFerrinDon't Worry, Be Happy
84.1%
Dionne & FriendsThat's What Friends Are For
82.7%
Milli VanilliBaby Don't Forget My Number
82.5%
MadonnaLive to Tell
81.3%
Debbie GibsonLost in Your Eyes
81.1%
BerlinTake My Breath Away
80.7%
Paula AbdulForever Your Girl
80.4%
Michael DamianRock On
80.3%
Lisa Lisa & Cult JamHead to Toe
79.7%
Dire StraitsMoney for Nothing
79.6%
Phil CollinsAnother Day in Paradise
76.3%
MadonnaWho's That Girl
74.8%
Steve WinwoodRoll With It
74.5%
Bette MidlerWind Beneath My Wings
73.4%
Lisa Lisa & Cult JamLost in Emotion
72.4%
Bobby BrownMy Prerogative
65.4%
MadonnaOpen Your Heart
63.4%
MadonnaPapa Don't Preach
62.5%
PoisonEvery Rose Has Its Thorn
62.4%
REO SpeedwagonCan't Fight this Feeling
62.3%
Phil CollinsOne More Night
61.1%
Billy Vera & The BeatersAt This Moment
60.8%
Wham!Everything She Wants
59.8%
Paula AbdulStraight Up
59.2%
Pet Shop BoysWest End Girls
59.1%
UB40Red Red Wine
52.2%
Artist Song % Correct
George MichaelOne More Try
51.4%
Los LobosLa Bamba
49.8%
Bon JoviBad Medicine
49.7%
Michael JacksonBad
49.6%
Whitney HoustonSo Emotional
44%
George MichaelFaith
42.3%
Wham! Featuring George MichaelCareless Whisper
38.9%
Cyndi LauperTrue Colors
34.8%
HeartAlone
34.6%
Richard MarxRight Here Waiting
33.8%
Peter GabrielSledgehammer
32.8%
The Beach BoysKokomo
32%
Billy IdolMony Mony 'Live'
31.7%
Mr. MisterBroken Wings
31.5%
Fine Young CannibalsGood Thing
28.9%
The Escape ClubWild, Wild West
28.1%
Phil CollinsTwo Hearts
26.8%
Debbie GibsonFoolish Beat
26.4%
ChicagoLook Away
26.2%
Prince & The RevolutionKiss
26.1%
BananaramaVenus
26%
Tears for FearsShout
24.7%
BanglesEternal Flame
23.9%
Jan HammerMiami Vice Theme
23%
Terence Trent D'ArbyWishing Well
22.6%
Rick AstleyTogether Forever
22.3%
HeartThese Dreams
22.2%
Mr. MisterKyrie
20.8%
Bryan AdamsHeaven
20.1%
MartikaToy Soldiers
20%
Atlantic StarrAlways
20%
New Kids on the BlockHangin' Tough
19.6%
George MichaelFather Figure
19%
BostonAmanda
18.8%
Stevie WonderPart-Time Lover
18.1%
The Human LeagueHuman
17.6%
Phil CollinsSussudio
16.5%
Ready for the WorldOh Sheila
16.5%
GenesisInvisible Touch
15.9%
StarshipSara
15%
TiffanyCould've Been
14.8%
Phil Collins and Marilyn MartinSeparate Lives
12.3%
Paula AbdulCold Hearted
12%
Michael JacksonDirty Diana
10.8%
George MichaelMonkey
7.1%
Bob SegerShakedown
6.5%
ExposeSeasons Change
6.1%
PrinceBatdance
6%
Huey Lewis & The NewsJacob's Ladder
5%
Richard MarxSatisfied
2.6%

You're not logged in!

Compare scores with friends on all Sporcle quizzes.
OR
Log In

You Might Also Like...

Show Comments

Extras

Top Quizzes Today


Score Distribution

Your Account Isn't Verified!

In order to create a playlist on Sporcle, you need to verify the email address you used during registration. Go to your Sporcle Settings to finish the process.

Report this User

Report this user for behavior that violates our Community Guidelines.

Details: